书目信息 |
| 题名: |
利用银行资源降低企业成本
|
|
| 作者: | 徐晓莉 编著 | |
| 分册: | ||
| 出版信息: | 昆明 云南大学出版社 2011 |
|
| 页数: | 216页 | |
| 开本: | 24cm | |
| 丛书名: | 纳税人俱乐部丛书 | |
| 单 册: | ||
| 中图分类: | F275.3 , F830.4 | |
| 科图分类: | ||
| 主题词: | 企业管理--成本管理 , 银行业务 , 企业管理 , 成本管理 | |
| 电子资源: | ||
| ISBN: | 978-7-5482-0419-0 | |
| 000 | 01128nam0 22003131 450 | |
| 001 | 524 | |
| 005 | 20140909092557.73 | |
| 010 | @a978-7-5482-0419-0@dCNY21.00 | |
| 100 | @a20110920d2011 em y0chiy50 ea | |
| 101 | 0 | @achi |
| 102 | @aCN@b530000 | |
| 105 | @ay z 000yy | |
| 106 | @ar | |
| 200 | 1 | @a利用银行资源降低企业成本@ALi Yong Yin Hang Zi Yuan Jiang Di Qi Ye Cheng Ben@dUse of bank resources and reduce business costs@f徐晓莉编著@FXu Xiao Li Bian Zhu@zeng |
| 210 | @a昆明@c云南大学出版社@d2011 | |
| 215 | @a216页@d24cm | |
| 225 | 2 | @a纳税人俱乐部丛书 |
| 330 | @a本书围绕着企业如何运用银行资源降低自身成本为主题,通过十部分内容从不同的角度揭示银行与企业合作的空间,以揭示现代企业站在巨人的肩膀上优化资源借力发展的理念。 | |
| 461 | 0 | @12001 @a纳税人俱乐部丛书 |
| 510 | 1 | @aUse of bank resources and reduce business costs@zeng |
| 606 | 0 | @a企业管理@x成本管理 |
| 606 | 0 | @a银行业务 |
| 606 | 0 | @a企业管理 |
| 606 | 0 | @a成本管理 |
| 690 | @aF275.3@v5 | |
| 690 | @aF830.4@v5 | |
| 701 | 0 | @a徐晓莉@AXu Xiao Li@g(女,管理学)@4编著 |
| 801 | 0 | @aCN@bTANGWEI@c20140603 |
| 905 | @b0837459-61@dF275.3@e1104@f3 | |
| 利用银行资源降低企业成本=Use of bank resources and reduce business costs/徐晓莉编著.-昆明:云南大学出版社,2011 |
| 216页;24cm.-(纳税人俱乐部丛书) |
| ISBN 978-7-5482-0419-0:CNY21.00 |
| 本书围绕着企业如何运用银行资源降低自身成本为主题,通过十部分内容从不同的角度揭示银行与企业合作的空间,以揭示现代企业站在巨人的肩膀上优化资源借力发展的理念。 |
| ● |
| 相关链接 |
|
|
|
|
正题名:利用银行资源降低企业成本
索取号:F275.3/1104
 
预约/预借
| 序号 | 登录号 | 条形码 | 馆藏地/架位号 | 状态 | 备注 |
| 1 | 0837459 | 208374597 | 第一样本阅览室/ [索取号:F275.3/1104] | 在馆 | |
| 2 | 0837460 | 208374604 | 密集书库-海洋学院/ [索取号:F275.3/1104] | 在馆 | |
| 3 | 0837461 | 208374613 | 第一借阅区/ [索取号:F275.3/1104] | 在馆 |